| 000 | 00397nam a2200097Ia 4500 | ||
|---|---|---|---|
| 008 | 180130s9999 xx 000 0 und d | ||
| 245 |
_cRedding, Gordon; Bond, Michael Harris; Witt, Michael A. _aCulture and the business systems of Asia |
||
| 260 | _c2014 | ||
| 300 | _aBook title: The Oxford handbook of Asian business systems--Acession number C19643; pages 358-382 | ||
| 650 | _aBUSINESS SYSTEMS--ASIA | ||
| 999 |
_c354424 _d354424 |
||